The communist conquest of China: A history of the Civil War, 1945-1949
Đã lưu trong:
| Príomhúdar: | |
|---|---|
| Formáid: | Leabhar |
| Teanga: | Undetermined |
| Foilsithe: |
Cambridge
Harvard University Press
1965
|
| Ábhair: | |
| Clibeanna: |
Cuir Clib Leis
Gan Chlibeanna, Bí ar an gcéad duine leis an taifead seo a chlibeáil!
|
| Thư viện lưu trữ: | Trung tâm Học liệu Trường Đại học Cần Thơ |
|---|
| LEADER | 00615nam a2200217Ia 4500 | ||
|---|---|---|---|
| 001 | CTU_92024 | ||
| 008 | 210402s9999 xx 000 0 und d | ||
| 082 | |a 951.042 | ||
| 082 | |b C488 | ||
| 100 | |a Lionel Max Chassin | ||
| 245 | 4 | |a The communist conquest of China: | |
| 245 | 2 | |b A history of the Civil War, 1945-1949 | |
| 245 | 0 | |c Lionel Max Chassin | |
| 260 | |a Cambridge | ||
| 260 | |b Harvard University Press | ||
| 260 | |c 1965 | ||
| 650 | |a communism,china | ||
| 650 | |x civil war, 1945-1949,history | ||
| 650 | |z china | ||
| 904 | |i Tuyến | ||
| 980 | |a Trung tâm Học liệu Trường Đại học Cần Thơ | ||